[Event "BL2 West 1516 (Women)"]
[Site "Germany"]
[Date "2016.02.27"]
[Round "6.3"]
[White "Hannes, Diana"]
[Black "Huppertz, Andrea"]
[Result "1-0"]
[WhiteElo "2094"]
[BlackElo "1850"]
[PlyCount "65"]
[EventDate "2015.09.26"]
[EventType "team-tourn"]
[EventRounds "7"]
[EventCountry "GER"]
[SourceTitle "EXT 2017"]
[Source "ChessBase"]
[SourceDate "2016.10.25"]
[SourceVersion "1"]
[SourceVersionDate "2016.10.25"]
[SourceQuality "1"]
[WhiteTeam "Erfurt Medizin (W)"]
[BlackTeam "Wattenscheid (W)"]
[WhiteTeamCountry "GER"]
[BlackTeamCountry "GER"]

1. e4 c5 2. Nf3 d6 3. g3 Nc6 4. Bg2 Nf6 5. d3 g6 6. 0-0 Bg7 7. Re1 0-0 8. Nc3 Bg4 9. h3 Bxf3 10. Qxf3 Nd4 11. Qd1 Rb8 12. a4 a6 13. Ne2 Nd7 14. c3 Nxe2+ 15. Rxe2 b5 16. axb5 axb5 17. Be3 b4 18. d4 Qb6 19. Ra4 bxc3 20. bxc3 Rfc8 21. Rea2 cxd4 22. cxd4 Qb1 23. Qxb1 Rxb1+ 24. Kh2 Nb6 25. Ra7 Nc4 26. Rxe7 Nxe3 27. fxe3 Bf8 28. Rd7 Rb3 29. Rf2 Rxe3 30. Rdxf7 Rd3 31. e5 dxe5 32. Bd5 Bg7 33. Rf8# 1-0

[Event "BL2 West 1516 (Women)"]
[Site "Germany"]
[Date "2016.01.10"]
[Round "5.3"]
[White "Hannes, Diana"]
[Black "Schrader, Elanor"]
[Result "1-0"]
[WhiteElo "2094"]
[BlackElo "1767"]
[PlyCount "121"]
[EventDate "2015.09.26"]
[EventType "team-tourn"]
[EventRounds "7"]
[EventCountry "GER"]
[SourceTitle "EXT 2017"]
[Source "ChessBase"]
[SourceDate "2016.10.25"]
[SourceVersion "1"]
[SourceVersionDate "2016.10.25"]
[SourceQuality "1"]
[WhiteTeam "Erfurt Medizin (W)"]
[BlackTeam "Paderborn (W)"]
[WhiteTeamCountry "GER"]
[BlackTeamCountry "GER"]

1. e4 c5 2. Nf3 Nc6 3. d4 cxd4 4. Nxd4 g6 5. c4 Nf6 6. Nc3 d6 7. Be2 Nxd4 8. Qxd4 Bg7 9. Be3 0-0 10. Qd2 a5 11. f3 a4 12. 0-0 Be6 13. Rfc1 Qa5 14. Rab1 Rfc8 15. b4 axb3 16. axb3 Qb4 17. Rc2 Nd7 18. Nb5 Qxd2 19. Rxd2 Ne5 20. Bd4 Bd7 21. Nc3 Bh6 22. Rdd1 Nc6 23. Bf2 Nb4 24. Nd5 Nxd5 25. Rxd5 Bg7 26. Rdd1 Be6 27. Rdc1 f5 28. Bd3 Ra3 29. exf5 gxf5 30. Re1 Kf7 31. f4 Bc3 32. Re2 Rca8 33. Be1 Bd4+ 34. Bf2 Bc3 35. Be1 Bd4+ 36. Bf2 Bc3 37. Rc2 Bf6 38. Be2 Ra1 39. Rcc1 R1a2 40. Bf3 Rb8 41. b4 Ra3 42. Rc2 Bc3 43. c5 Bxb4 44. Bh5+ Kf8 45. Re2 Bc4 46. Rxb4 Bxe2 47. Bxe2 Ra1+ 48. Bf1 Rc1 49. cxd6 exd6 50. Ba7 Re8 51. Kf2 Rc2+ 52. Kg3 Rc3+ 53. Kh4 Re7 54. Bd4 Ra3 55. Bc4 Re4 56. Bd5 Rxf4+ 57. Kg5 Rf1 58. Rxb7 Ra5 59. Kf6 Ke8 60. Bf7+ Kd8 61. Bb6+ 1-0

[Event "BL2 Ost 1415 (Women)"]
[Site "Germany"]
[Date "2014.12.14"]
[Round "5.3"]
[White "Pieck, Sarah"]
[Black "Hannes, Diana"]
[Result "1/2-1/2"]
[WhiteElo "1763"]
[BlackElo "2105"]
[PlyCount "73"]
[EventDate "2014.09.27"]
[EventType "team-tourn"]
[EventRounds "7"]
[EventCountry "GER"]
[SourceTitle "CBM 166 Extra"]
[Source "ChessBase"]
[SourceDate "2015.06.18"]
[SourceVersion "1"]
[SourceVersionDate "2015.06.18"]
[SourceQuality "1"]
[WhiteTeam "Friedberg (W) II"]
[BlackTeam "Erfurt Medizin (W)"]
[WhiteTeamCountry "GER"]
[BlackTeamCountry "GER"]

1. e4 c5 2. c3 g6 3. d4 cxd4 4. cxd4 Bg7 5. Nf3 d6 6. Bc4 e6 7. 0-0 Ne7 8. Nc3 0-0 9. Bf4 a6 10. Qd2 b5 11. Bb3 Bb7 12. a3 Nbc6 13. Bh6 Na5 14. Ba2 Nc4 15. Bxc4 bxc4 16. Bxg7 Kxg7 17. d5 e5 18. h4 h6 19. Nh2 f5 20. f3 Qb6+ 21. Kh1 f4 22. Ne2 a5 23. Qc3 Ba6 24. g3 fxg3 25. Nxg3 Qb3 26. Ne2 Qxc3 27. Nxc3 Rf4 28. h5 gxh5 29. Rg1+ Kf7 30. Kg2 Rg8+ 31. Kf2 Ng6 32. Rac1 Rf6 33. Ne2 Rb8 34. Rc2 Rb3 35. Nc1 Rb8 36. Ne2 Rb3 37. Nc1 1/2-1/2

[Event "BL2 Ost 1415 (Women)"]
[Site "Germany"]
[Date "2014.09.28"]
[Round "2.4"]
[White "Hannes, Diana"]
[Black "Spangenberg, Romy"]
[Result "1/2-1/2"]
[WhiteElo "2105"]
[BlackElo "1757"]
[PlyCount "52"]
[EventDate "2014.09.27"]
[EventType "team-tourn"]
[EventRounds "7"]
[EventCountry "GER"]
[SourceTitle "CBM 166 Extra"]
[Source "ChessBase"]
[SourceDate "2015.06.18"]
[SourceVersion "1"]
[SourceVersionDate "2015.06.18"]
[SourceQuality "1"]
[WhiteTeam "Erfurt Medizin (W)"]
[BlackTeam "Leipzig Lindenau (W)"]
[WhiteTeamCountry "GER"]
[BlackTeamCountry "GER"]

1. c4 e5 2. Nc3 Nf6 3. g3 c6 4. d4 exd4 5. Qxd4 d5 6. cxd5 Nxd5 7. Nxd5 Qxd5 8. Qxd5 cxd5 9. Bd2 Nc6 10. Bg2 Be6 11. Nh3 Bc5 12. Nf4 Rd8 13. Rc1 Bb6 14. 0-0 0-0 15. Bc3 d4 16. Nxe6 fxe6 17. Bd2 Rd6 18. Bf4 e5 19. Bxc6 exf4 20. Bxb7 d3 21. exd3 Rxd3 22. Rc3 Rd2 23. Rf3 fxg3 24. Rxf8+ Kxf8 25. hxg3 Rxb2 26. Bd5 Rd2 1/2-1/2

[Event "BL2 Ost 1314 (Women)"]
[Site "Germany"]
[Date "2014.01.26"]
[Round "3.4"]
[White "Timme, Karin"]
[Black "Hannes, Diana"]
[Result "1/2-1/2"]
[WhiteElo "2110"]
[BlackElo "2101"]
[PlyCount "111"]
[EventDate "2013.11.30"]
[EventType "team-tourn"]
[EventRounds "7"]
[EventCountry "GER"]
[SourceTitle "EXT 2018"]
[Source "ChessBase"]
[SourceDate "2017.10.13"]
[SourceVersion "1"]
[SourceVersionDate "2017.10.13"]
[SourceQuality "1"]
[WhiteTeam "Torgelow Droegeheide (W)"]
[BlackTeam "Erfurt Medizin (W)"]
[WhiteTeamCountry "GER"]
[BlackTeamCountry "GER"]

1. d4 Nf6 2. c4 e6 3. Nf3 d5 4. Nc3 Be7 5. Bg5 Nbd7 6. e3 0-0 7. Be2 Re8 8. 0-0 c6 9. Rc1 h6 10. Bh4 Nf8 11. Ne5 N6d7 12. Bxe7 Qxe7 13. f4 f6 14. Nf3 f5 15. h4 Nf6 16. Ne5 Bd7 17. c5 Rec8 18. b4 Be8 19. g3 N8d7 20. a3 a6 21. Rb1 Ne4 22. Nxe4 fxe4 23. Nxd7 Bxd7 24. Rf2 Rf8 25. Rh2 g6 26. Qf1 Rf7 27. Qd1 Rg7 28. Kf2 Rf8 29. Qh1 e5 30. dxe5 Qxe5 31. Qd1 Qf6 32. Ke1 g5 33. hxg5 hxg5 34. Kd2 gxf4 35. gxf4 d4 36. Bc4+ Be6 37. Qb3 dxe3+ 38. Ke2 Re8 39. Rbh1 Bxc4+ 40. Qxc4+ Qe6 41. Qxe6+ Rxe6 42. Rh8+ Kf7 43. R1h7 Re7 44. Kxe3 Kf6 45. Rf8+ Ke6 46. Rxg7 Rxg7 47. Kxe4 Rg1 48. Rb8 Re1+ 49. Kd4 Rd1+ 50. Ke3 Rd7 51. Ke4 Kf6 52. Rf8+ Kg7 53. Re8 Kf7 54. Rh8 Kg7 55. Rb8 Kf6 56. Rf8+ 1/2-1/2

[Event "BL2 Ost 1314 (Women)"]
[Site "Germany"]
[Date "2013.11.30"]
[Round "1.4"]
[White "Hannes, Diana"]
[Black "Gempe, Anet"]
[Result "0-1"]
[WhiteElo "2101"]
[BlackElo "2014"]
[PlyCount "78"]
[EventDate "2013.11.30"]
[EventType "team-tourn"]
[EventRounds "7"]
[EventCountry "GER"]
[SourceTitle "EXT 2018"]
[Source "ChessBase"]
[SourceDate "2017.10.13"]
[SourceVersion "1"]
[SourceVersionDate "2017.10.13"]
[SourceQuality "1"]
[WhiteTeam "Erfurt Medizin (W)"]
[BlackTeam "Leipzig SG (W)"]
[WhiteTeamCountry "GER"]
[BlackTeamCountry "GER"]

1. e4 e6 2. d3 d5 3. Nd2 Nf6 4. Ngf3 Be7 5. g3 c5 6. c3 Nc6 7. Bg2 0-0 8. 0-0 Qc7 9. Re1 b6 10. e5 Nd7 11. Qe2 Bb7 12. Nf1 a5 13. h4 Rfe8 14. Bf4 b5 15. N1h2 Nf8 16. Ng5 Qd7 17. Qh5 Bd8 18. Ng4 f5 19. exf6 Bxf6 20. Ne5 Bxe5 21. Bxe5 Nxe5 22. Rxe5 h6 23. Nh3 Qf7 24. Qxf7+ Kxf7 25. Nf4 Nd7 26. Re2 Re7 27. Rae1 Rae8 28. Bf3 Nf6 29. Re5 g6 30. b3 Nd7 31. R5e2 Nf8 32. d4 c4 33. bxc4 dxc4 34. Bxb7 Rxb7 35. d5 Rb6 36. Re5 b4 37. dxe6+ Nxe6 38. Rxa5 Nxf4 39. Rxe8 Kxe8 0-1

[Event "BL2 Ost 1213 (Women)"]
[Site "Germany"]
[Date "2012.10.07"]
[Round "2.1"]
[White "Hannes, Diana"]
[Black "Cyfka, Karina"]
[Result "1/2-1/2"]
[WhiteElo "2107"]
[BlackElo "2375"]
[PlyCount "142"]
[EventDate "2012.10.06"]
[EventType "team-tourn"]
[EventRounds "7"]
[EventCountry "GER"]
[SourceTitle "EXT 2018"]
[Source "ChessBase"]
[SourceDate "2017.10.13"]
[SourceVersion "1"]
[SourceVersionDate "2017.10.13"]
[SourceQuality "1"]
[WhiteTeam "Erfurt Medizin (W)"]
[BlackTeam "Leipzig WBA (W)"]
[WhiteTeamCountry "GER"]
[BlackTeamCountry "GER"]

1. e4 e5 2. Nf3 Nc6 3. Bc4 Nf6 4. d3 Be7 5. Bb3 0-0 6. 0-0 d6 7. c3 Na5 8. Bc2 c5 9. Be3 a6 10. Nbd2 Ng4 11. Qe1 b5 12. h3 Nxe3 13. Qxe3 Bf6 14. a4 b4 15. cxb4 cxb4 16. Bb3 Bb7 17. Bc4 Rc8 18. Rad1 g6 19. b3 Bg7 20. Rfe1 h6 21. Nf1 Kh7 22. Qd2 Nc6 23. Ne3 a5 24. Bd5 Ba6 25. Rc1 Nd4 26. Nxd4 exd4 27. Nc4 Rc5 28. Qf4 f5 29. Qg3 Rf6 30. f3 h5 31. Rcd1 Bh6 32. Kh1 Qf8 33. Qf2 fxe4 34. dxe4 Bxc4 35. Bxc4 Be3 36. Qe2 Rg5 37. Rf1 Rf4 38. Qe1 Qf6 39. Rd3 Re5 40. Rxe3 dxe3 41. Qxe3 Qf8 42. Bd5 g5 43. Rc1 Rf6 44. Kg1 Kg6 45. Kf2 g4 46. hxg4 hxg4 47. Rh1 Rh5 48. Rxh5 Kxh5 49. Ke2 gxf3+ 50. gxf3 Qc8 51. Bc4 Qh3 52. Qf2 Rf8 53. Bd5 Rf4 54. Bc4 Qh4 55. Qg2 Qf6 56. Qh3+ Rh4 57. Qg3 Kh6 58. Ke3 Rh1 59. Qf4+ Qxf4+ 60. Kxf4 Kg6 61. Ke3 Kf6 62. f4 Rh3+ 63. Kd4 Rh4 64. f5 Rh2 65. Kd5 Rd2+ 66. Kc6 Ke5 67. Bd5 Rc2+ 68. Kd7 Rf2 69. Kc6 Rc2+ 70. Kd7 Rf2 71. Kc6 Rc2+ 1/2-1/2

[Event "BL2 Ost 1213 (Women)"]
[Site "Germany"]
[Date "2012.10.06"]
[Round "1.1"]
[White "Burchardt, Brigitte"]
[Black "Hannes, Diana"]
[Result "1-0"]
[WhiteElo "2191"]
[BlackElo "2107"]
[PlyCount "101"]
[EventDate "2012.10.06"]
[EventType "team-tourn"]
[EventRounds "7"]
[EventCountry "GER"]
[SourceTitle "EXT 2018"]
[Source "ChessBase"]
[SourceDate "2017.10.13"]
[SourceVersion "1"]
[SourceVersionDate "2017.10.13"]
[SourceQuality "1"]
[WhiteTeam "Rotation Pankow (W)"]
[BlackTeam "Erfurt Medizin (W)"]
[WhiteTeamCountry "GER"]
[BlackTeamCountry "GER"]

1. e4 c5 2. Nc3 Nc6 3. g3 g6 4. Bg2 Bg7 5. d3 d6 6. Be3 Nd4 7. Qd2 Qa5 8. h3 e6 9. Nf3 Ne7 10. 0-0 Nec6 11. Nh2 Bd7 12. a3 0-0 13. Ng4 Ne5 14. Nxe5 dxe5 15. f4 Rad8 16. Qf2 exf4 17. gxf4 Qc7 18. a4 Bc6 19. e5 f6 20. exf6 Bxf6 21. Bxc6 Qxc6 22. Ne4 b6 23. Qg2 Qc7 24. Rae1 Bh4 25. Rd1 Nf5 26. Bf2 Bxf2+ 27. Qxf2 Qc6 28. Rde1 Rde8 29. Ng5 h6 30. Nf3 Kh7 31. b3 Qd5 32. Re5 Qd6 33. Rfe1 Rf7 34. Qg2 Qe7 35. Qg4 Qf6 36. R1e2 Rg7 37. Kh1 Ree7 38. Kh2 Re8 39. a5 Ree7 40. axb6 axb6 41. R2e4 Re8 42. b4 Rc7 43. bxc5 Rxc5 44. Rxc5 bxc5 45. Ne5 Re7 46. Qg1 Rc7 47. Qf2 Nd6 48. Ra4 Nf7 49. Ng4 Qe7 50. Qe3 Qd6 51. Nf6+ 1-0

[Event "Oberliga Ost-B 1112"]
[Site "Germany"]
[Date "2012.03.18"]
[Round "9.3"]
[White "Hannes, Diana"]
[Black "Baum, Bernd"]
[Result "0-1"]
[WhiteElo "2188"]
[BlackElo "2282"]
[PlyCount "66"]
[EventDate "2011.10.02"]
[EventType "team-tourn"]
[EventRounds "11"]
[EventCountry "GER"]
[SourceTitle "EXT 2013"]
[Source "ChessBase"]
[SourceDate "2012.11.22"]
[SourceVersion "1"]
[SourceVersionDate "2012.11.22"]
[SourceQuality "1"]
[WhiteTeam "Erfurt Medizin"]
[BlackTeam "Erfurt Empor"]
[WhiteTeamCountry "GER"]
[BlackTeamCountry "GER"]

1. e4 e6 2. d4 d5 3. Nc3 Nf6 4. Bg5 dxe4 5. Nxe4 Nbd7 6. Bd3 h6 7. Bxf6 Nxf6 8. c3 Be7 9. Qe2 0-0 10. Nxf6+ Bxf6 11. Qe4 g6 12. h4 e5 13. d5 Bf5 14. Qe3 Bxd3 15. Qxd3 e4 16. Qe3 Qxd5 17. Ne2 Rad8 18. Qxh6 Rfe8 19. 0-0 Qd2 20. Qf4 Kg7 21. Rae1 Qxf4 22. Nxf4 Bxh4 23. Re2 Bg5 24. Nh3 Rd2 25. Rfe1 Rxe2 26. Rxe2 Bc1 27. Kf1 f5 28. f3 Kf7 29. fxe4 Rxe4 30. Rc2 Be3 31. Ke2 Kf6 32. Kf3 Bh6 33. Nf2 Re3# 0-1

[Event "Wch U20 Girls 29th"]
[Site "Chennai"]
[Date "2011.08.02"]
[Round "1"]
[White "Lasya, Goli"]
[Black "Hannes, Diana"]
[Result "1-0"]
[WhiteElo "1898"]
[BlackElo "2188"]
[PlyCount "75"]
[EventDate "2011.08.02"]
[EventType "swiss"]
[EventRounds "13"]
[EventCountry "IND"]
[SourceTitle "CBM 143 Extra"]
[Source "ChessBase"]
[SourceDate "2011.08.29"]
[SourceVersion "1"]
[SourceVersionDate "2011.08.29"]
[SourceQuality "1"]

1. e4 c5 2. Nf3 e6 3. d3 Nc6 4. g3 g6 5. Bg2 Bg7 6. Nbd2 Nge7 7. h4 d6 8. h5 h6 9. hxg6 Nxg6 10. a4 Bd7 11. Nc4 Qe7 12. Qe2 0-0-0 13. Bd2 Qf8 14. c3 d5 15. Ne3 Nge7 16. Nh4 d4 17. Nc4 Ng6 18. Nxg6 fxg6 19. e5 Kb8 20. Qe4 Qf5 21. Qxf5 gxf5 22. Bf4 Be8 23. Ke2 Ne7 24. Nd6 Rd7 25. cxd4 cxd4 26. Rac1 Bg6 27. Rc4 Nc8 28. Nb5 Rhd8 29. a5 a6 30. Na3 Na7 31. b4 Rc8 32. Rxc8+ Kxc8 33. Nc4 Kb8 34. Bxh6 Nc6 35. Bxg7 Rxg7 36. Rh8+ Kc7 37. Nd6 Rd7 38. Rc8# 1-0

[Event "Oberliga Ost-B 1011"]
[Site "Germany"]
[Date "2011.03.20"]
[Round "9.4"]
[White "Hannes, Diana"]
[Black "Baum, Bernd"]
[Result "1-0"]
[WhiteElo "2169"]
[BlackElo "2253"]
[PlyCount "74"]
[EventDate "2010.10.24"]
[EventType "team-tourn"]
[EventRounds "11"]
[EventCountry "GER"]
[SourceTitle "EXT 2012"]
[Source "ChessBase"]
[SourceDate "2011.11.24"]
[SourceVersion "1"]
[SourceVersionDate "2011.11.24"]
[SourceQuality "1"]
[WhiteTeam "Erfurt Medizin"]
[BlackTeam "Erfurt Empor"]
[WhiteTeamCountry "GER"]
[BlackTeamCountry "GER"]

1. e4 e6 2. d3 d5 3. Nd2 Nf6 4. Ngf3 b6 5. e5 Nfd7 6. g3 c5 7. Bg2 Nc6 8. c4 Be7 9. Qe2 Qc7 10. 0-0 0-0 11. Re1 dxc4 12. dxc4 Bb7 13. b3 Rfd8 14. Bb2 Nf8 15. Rad1 Nb4 16. Ne4 Nxa2 17. Nfg5 Bxg5 18. Nxg5 Bxg2 19. Kxg2 Nb4 20. Ne4 Rxd1 21. Rxd1 Rd8 22. Nd6 Ng6 23. h4 h6 24. h5 Ne7 25. Kh2 a6 26. Qg4 Nbc6 27. Ra1 a5 28. Re1 Nc8 29. Rd1 Qe7 30. Rd3 Qg5 31. Qf3 Nxd6 32. Rxd6 Nd4 33. Bxd4 cxd4 34. Kg2 Qe7 35. Qc6 d3 36. Qxb6 Rd7 37. Qd4 Rxd6 1-0

[Event "GER-chT Federal Cup (Women)"]
[Site "Braunfels"]
[Date "2010.06.05"]
[Round "4"]
[White "Hannes, Diana"]
[Black "Dergatschova, Anna"]
[Result "1-0"]
[WhiteElo "2124"]
[BlackElo "2232"]
[PlyCount "137"]
[EventDate "2010.06.03"]
[EventType "team-swiss"]
[EventRounds "5"]
[EventCountry "GER"]
[SourceTitle "CBM 136 Extra"]
[Source "ChessBase"]
[SourceDate "2010.07.02"]
[SourceVersion "2"]
[SourceVersionDate "2010.07.15"]
[SourceQuality "1"]

1. e4 c5 2. Nf3 Nc6 3. d4 cxd4 4. Nxd4 g6 5. c4 Nf6 6. Nc3 Nxd4 7. Qxd4 d6 8. f3 Bg7 9. Be3 0-0 10. Qd2 Be6 11. Rc1 Rc8 12. b3 Qa5 13. Be2 Nd7 14. 0-0 Rfe8 15. Rfd1 a6 16. Bd4 Bxd4+ 17. Qxd4 Qc5 18. Qxc5 Rxc5 19. a4 Rc7 20. Rb1 g5 21. Kf2 Ne5 22. g3 Ng6 23. Bd3 Rf8 24. Ne2 Bd7 25. Nd4 Ne5 26. Ke3 e6 27. Be2 Ng6 28. Nc2 b5 29. axb5 axb5 30. Rxd6 bxc4 31. bxc4 Ne5 32. Na3 Ra8 33. Rb3 Ba4 34. Rc3 h6 35. f4 Nd7 36. Rcd3 Ra5 37. Rd2 Nc5 38. Rb2 Bc6 39. Nb5 Rc8 40. Bd3 Ra4 41. e5 Kg7 42. Rd4 Bxb5 43. cxb5 Nxd3 44. Kxd3 Ra3+ 45. Ke4 gxf4 46. gxf4 f5+ 47. exf6+ Kxf6 48. b6 Rcc3 49. Rdb4 Ra8 50. b7 Rb8 51. Kd4 Rc7 52. Ke4 h5 53. R2b3 Rg7 54. Rb6 Rg2 55. R3b5 h4 56. f5 Rxh2 57. Rxe6+ Kf7 58. Kf3 Ra2 59. Rc6 h3 60. Rbb6 Ke7 61. Rc7+ Kd8 62. Rh7 h2 63. Rb1 Rd2 64. f6 Rd7 65. f7 Kc7 66. Kg2 Rxb7 67. Rxb7+ Kxb7 68. Rg7 Rd2+ 69. Kh1 1-0

[Event "GER-chT Federal Cup (Women)"]
[Site "Braunfels"]
[Date "2010.06.04"]
[Round "2"]
[White "Hannes, Diana"]
[Black "Zschischang, Marine"]
[Result "1-0"]
[WhiteElo "2124"]
[BlackElo "2089"]
[PlyCount "53"]
[EventDate "2010.06.03"]
[EventType "team-swiss"]
[EventRounds "5"]
[EventCountry "GER"]
[SourceTitle "CBM 136 Extra"]
[Source "ChessBase"]
[SourceDate "2010.07.02"]
[SourceVersion "2"]
[SourceVersionDate "2010.07.15"]
[SourceQuality "1"]

1. e4 e6 2. d4 d5 3. Nc3 Nf6 4. Bg5 dxe4 5. Nxe4 Be7 6. Bxf6 gxf6 7. Nf3 f5 8. Ned2 b6 9. c3 Bb7 10. Ne5 Bd6 11. Ndc4 a6 12. Be2 Nd7 13. Bf3 Bxf3 14. Qxf3 0-0 15. 0-0-0 f6 16. Nc6 Qe8 17. Nxd6 cxd6 18. Qg3+ Kf7 19. Qxd6 Rg8 20. g3 a5 21. f4 Rc8 22. d5 e5 23. fxe5 fxe5 24. Rhf1 f4 25. gxf4 e4 26. Ne5+ Nxe5 27. fxe5+ 1-0

[Event "Oberliga Ost-B 0910"]
[Site "Germany"]
[Date "2010.04.10"]
[Round "10.5"]
[White "Henrich, Thomas"]
[Black "Hannes, Diana"]
[Result "1-0"]
[WhiteElo "2195"]
[BlackElo "2105"]
[PlyCount "157"]
[EventDate "2009.10.18"]
[EventType "team-tourn"]
[EventRounds "11"]
[EventCountry "GER"]
[SourceTitle "EXT 2011"]
[Source "ChessBase"]
[SourceDate "2010.11.26"]
[SourceVersion "1"]
[SourceVersionDate "2010.11.26"]
[SourceQuality "1"]
[WhiteTeam "Giessen"]
[BlackTeam "Erfurt Medizin"]
[WhiteTeamCountry "GER"]
[BlackTeamCountry "GER"]

1. d4 Nf6 2. c4 e6 3. Nf3 Bb4+ 4. Bd2 Be7 5. Nc3 d5 6. Bg5 Nbd7 7. e3 0-0 8. Qc2 Re8 9. Rd1 c6 10. a3 Nh5 11. Bxe7 Qxe7 12. Bd3 g6 13. 0-0 Ng7 14. e4 Nb6 15. c5 dxe4 16. Nxe4 Nd5 17. Nd6 Rf8 18. Rfe1 Qc7 19. Ne5 Nf5 20. Bxf5 exf5 21. Qd2 Kg7 22. Nexf7 Bd7 23. Qh6+ Kg8 24. Ng5 Bc8 25. Qxf8+ Kxf8 26. Re8+ Kg7 27. Rxc8 Qxc8 28. Nxc8 Rxc8 29. Re1 h6 30. Nf3 Rd8 31. g3 Kf6 32. Nd2 Nc7 33. Nb3 Ne6 34. Rd1 b6 35. cxb6 axb6 36. Rc1 Rd6 37. Kf1 Ke7 38. Ke2 Kd7 39. Rc4 Nc7 40. Ra4 Rd5 41. Rb4 b5 42. Nc5+ Kd6 43. Ke3 Ne6 44. Nxe6 Kxe6 45. Rb3 f4+ 46. Ke4 Rh5 47. Rc3 Kd6 48. h4 fxg3 49. fxg3 Rd5 50. Rf3 Ke7 51. g4 h5 52. g5 Rd6 53. Rd3 Re6+ 54. Kf4 Kd7 55. Re3 Rd6 56. Ke4 Ke7 57. Kd3+ Kf7 58. Re5 Rd8 59. Rc5 Rd6 60. Ke4 Re6+ 61. Re5 Rd6 62. b4 Rd8 63. d5 cxd5+ 64. Rxd5 Ra8 65. Rxb5 Rxa3 66. Rb7+ Ke6 67. Rb6+ Kf7 68. Rf6+ Kg7 69. Kd5 Rd3+ 70. Kc5 Rc3+ 71. Kb5 Rg3 72. Rf4 Rg4 73. Rc4 Kf7 74. Kc5 Rg1 75. b5 Rb1 76. b6 Ke7 77. Kc6 Kd8 78. b7 Rb2 79. Rc5 1-0

[Event "BL 0910 (Women)"]
[Site "Germany"]
[Date "2010.03.14"]
[Round "9.4"]
[White "Ulms, Sandra"]
[Black "Hannes, Diana"]
[Result "1-0"]
[WhiteElo "2127"]
[BlackElo "2115"]
[PlyCount "95"]
[EventDate "2009.11.07"]
[EventType "team-tourn"]
[EventRounds "11"]
[EventCountry "GER"]
[SourceTitle "CBM 133 Extra"]
[Source "ChessBase"]
[SourceDate "2010.01.05"]
[SourceVersion "1"]
[SourceVersionDate "2010.01.05"]
[SourceQuality "1"]
[WhiteTeam "Leipzig Gohlis (W)"]
[BlackTeam "Erfurt Medizin (W)"]
[WhiteTeamCountry "GER"]
[BlackTeamCountry "GER"]

1. d4 Nf6 2. c4 e6 3. Nf3 b6 4. g3 Bb7 5. Bg2 Be7 6. 0-0 0-0 7. Nc3 Ne4 8. Nd2 Nxc3 9. bxc3 Bxg2 10. Kxg2 d6 11. e4 e5 12. Qe2 c5 13. d5 Nd7 14. f4 Bf6 15. f5 Bg5 16. Nf3 Bxc1 17. Raxc1 f6 18. Rf2 Kf7 19. Kh1 Ke7 20. g4 h6 21. h4 Rh8 22. Rg1 Qe8 23. Nh2 Qf7 24. Rfg2 Rag8 25. Qd1 Qe8 26. Rg3 Qc8 27. Qa4 Qb7 28. Nf3 Rb8 29. Rb1 Rbc8 30. Rg2 Rb8 31. Kg1 Rh7 32. Qb3 Qc7 33. a4 Rhh8 34. Qa3 Kf7 35. Kf2 Rb7 36. Ke3 Rhb8 37. g5 hxg5 38. hxg5 Rh8 39. Rbg1 Qc8 40. Qb2 Qe8 41. gxf6 gxf6 42. Rg7+ Kf8 43. R1g6 Qd8 44. Nh4 Ke8 45. Rg8+ Rxg8 46. Rxg8+ Nf8 47. Ng6 Rf7 48. Qb5+ 1-0

[Event "BL 0910 (Women)"]
[Site "Germany"]
[Date "2010.03.13"]
[Round "8.4"]
[White "Hannes, Diana"]
[Black "Petrova, Kristyna"]
[Result "1/2-1/2"]
[WhiteElo "2115"]
[BlackElo "2185"]
[PlyCount "70"]
[EventDate "2009.11.07"]
[EventType "team-tourn"]
[EventRounds "11"]
[EventCountry "GER"]
[SourceTitle "CBM 133 Extra"]
[Source "ChessBase"]
[SourceDate "2010.01.05"]
[SourceVersion "1"]
[SourceVersionDate "2010.01.05"]
[SourceQuality "1"]
[WhiteTeam "Erfurt Medizin (W)"]
[BlackTeam "Grosslehna (W)"]
[WhiteTeamCountry "GER"]
[BlackTeamCountry "GER"]

1. e4 c5 2. Nf3 Nc6 3. Bb5 g6 4. Bxc6 dxc6 5. 0-0 Bg7 6. Nc3 Bg4 7. h3 Bxf3 8. Qxf3 e5 9. d3 Nf6 10. Bg5 Qd6 11. Bxf6 Bxf6 12. a3 Be7 13. Nd1 Qe6 14. Ne3 Bg5 15. Qg4 Qe7 16. Nc4 b5 17. Na5 h5 18. Qe2 Rc8 19. a4 0-0 20. Nb3 Rfd8 21. Ra3 Rc7 22. Rfa1 a6 23. axb5 cxb5 24. Nd2 c4 25. Nf3 cxd3 26. Rxd3 Rxd3 27. Qxd3 Rc6 28. Qd5 Rxc2 29. Rxa6 Kg7 30. g3 Rxb2 31. Nxe5 Bf6 32. Nd3 Re2 33. Rb6 Rxe4 34. Rxb5 Rd4 35. Qf3 Qd7 1/2-1/2

[Event "Oberliga Ost-B 0910"]
[Site "Germany"]
[Date "2010.01.24"]
[Round "7.5"]
[White "Hannes, Diana"]
[Black "Weise, Martin"]
[Result "1/2-1/2"]
[WhiteElo "2105"]
[BlackElo "2153"]
[PlyCount "63"]
[EventDate "2009.10.18"]
[EventType "team-tourn"]
[EventRounds "11"]
[EventCountry "GER"]
[SourceTitle "EXT 2011"]
[Source "ChessBase"]
[SourceDate "2010.11.26"]
[SourceVersion "1"]
[SourceVersionDate "2010.11.26"]
[SourceQuality "1"]
[WhiteTeam "Erfurt Medizin"]
[BlackTeam "Hungen Lich"]
[WhiteTeamCountry "GER"]
[BlackTeamCountry "GER"]

1. e4 e6 2. d3 d5 3. Nd2 Nf6 4. Ngf3 Nc6 5. g3 dxe4 6. dxe4 Bc5 7. Bg2 e5 8. 0-0 0-0 9. Qe2 a5 10. Nb3 Bb6 11. Be3 Bxe3 12. Qxe3 b6 13. Rad1 Qe7 14. c3 Ba6 15. Rfe1 a4 16. Nc1 Rad8 17. Bf1 Bxf1 18. Kxf1 h6 19. Qe2 Qc5 20. Nd3 Qc4 21. Ndxe5 Qxe2+ 22. Kxe2 Nxe5 23. Nxe5 Nxe4 24. f3 Rde8 25. Kf1 Rxe5 26. Rxe4 Rxe4 27. fxe4 a3 28. b3 Ra8 29. Rd7 Ra7 30. Ke2 Kf8 31. Kd3 Ke8 32. Rd5 1/2-1/2

[Event "Oberliga Ost-B 0910"]
[Site "Germany"]
[Date "2010.01.23"]
[Round "6.5"]
[White "Drill, Frank J"]
[Black "Hannes, Diana"]
[Result "1-0"]
[WhiteElo "2134"]
[BlackElo "2105"]
[PlyCount "39"]
[EventDate "2009.10.18"]
[EventType "team-tourn"]
[EventRounds "11"]
[EventCountry "GER"]
[SourceTitle "EXT 2011"]
[Source "ChessBase"]
[SourceDate "2010.11.26"]
[SourceVersion "1"]
[SourceVersionDate "2010.11.26"]
[SourceQuality "1"]
[WhiteTeam "Neuberg"]
[BlackTeam "Erfurt Medizin"]
[WhiteTeamCountry "GER"]
[BlackTeamCountry "GER"]

1. e4 c5 2. Nf3 e6 3. d4 cxd4 4. Nxd4 a6 5. Bd3 Nf6 6. 0-0 Qc7 7. Qe2 d6 8. c4 Be7 9. Nc3 b6 10. Kh1 Bb7 11. f4 Nc6 12. Nxc6 Bxc6 13. b3 0-0 14. Bb2 Nd7 15. Qh5 g6 16. Qh6 Bf6 17. Rf3 Bg7 18. Qxg7+ Kxg7 19. Nd5+ Kg8 20. Ne7# 1-0